| 000 | 00471cam a2200193 4500 | ||
|---|---|---|---|
| 001 | D3423 | ||
| 008 | 090401t1977 xxu||||| |||| 00| 0 eng d | ||
| 035 | _a(Sirsi) u98097 | ||
| 041 | _aeng | ||
| 050 | _a692.8 | ||
| 100 | _aElliott, D.A. | ||
| 245 | _aTender patterns and evaluation | ||
| 260 |
_aAscot _bInstitute of Building _c1977 |
||
| 300 | _a8p. ill. 30cm | ||
| 350 | _a0 | ||
| 490 |
_aEstimating Information Service _v25 |
||
| 942 | _n0 | ||
| 948 | _c04/03/1997 | ||
| 999 |
_c99083 _d99083 |
||